LEADER 01103nam0-2200397---450 001 990005650190203316 005 20190403124950.0 035 $a000565019 035 $aUSA01000565019 035 $a(ALEPH)000565019USA01 035 $a000565019 100 $a20040705d1973----|||y0itaa50------ba 101 $aita 102 $ait 105 $a0 00||| 200 1 $a<> struttura assente$eintroduzione alla ricerca semiologica$fUmberto Eco 205 $a7. ed 210 $aMilano$cBompiani$dstampa 1973 215 $a431 p.$cill.$d21 cm. 225 2 $aNuovi saggi italiani$v1 410 0$12001$aNuovi saggi italiani$v1 606 $aSEMIOTICA$xSTUDI$2F 620 $dMILANO 676 $a149.94 700 1$aECO,$bUmberto$0318813 801 0$aIT$bSA$c20111219 912 $a990005650190203316 950 0$aDipar.to di Filosofia - Salerno$dDFFDC ECO$e5680 FIL 951 $aFDC ECO$b5680 FIL 959 $aBK 969 $aFIL 979 $c20121027$lUSA01$h1525 979 $c20121027$lUSA01$h1614 996 $aStruttura assente$973772 997 $aUNISA NUM $aSA0010943